「田」を「でん」と読む駅名 - Statistics

General Stats
  • This quiz has been taken 219 times
  • The average score is 6 of 29
Answer Stats
都道府県 駅名 読み % Correct
東京都 田園調布 でんえんちょうふ
78%
埼玉県 新田 しんでん
65%
京都府 新田 しんでん
65%
和歌山県 林間田園都市 りんかんでんえんとし
37%
福岡県 新田原 しんでんばる
25%
神奈川県 小島新田 こじましんでん
22%
大阪府 鴻池新田 こうのいけしんでん
21%
富山県 油田 あぶらでん
19%
三重県 一身田 いしんでん
19%
愛知県 楽田 がくでん
19%
北海道 学田 がくでん
18%
宮城県 小鶴新田 こづるしんでん
18%
鹿児島県 二月田 にがつでん
15%
三重県 東一身田 ひがしいしんでん
15%
静岡県 円田 えんでん
14%
徳島県 中田 ちゅうでん
14%
秋田県 生田 しょうでん
13%
富山県 経田 きょうでん
12%
鹿児島県 神田(交通局前) しんでん(こうつうきょくまえ)
12%
福井県 番田 ばんでん
12%
石川県 免田 めんでん
12%
群馬県 下新田 しもしんでん
9%
東京都 巣鴨新田 すがもしんでん
9%
千葉県 松戸新田 まつどしんでん
9%
愛媛県 務田 むでん
8%
愛知県 八幡新田 やわたしんでん
8%
宮崎県 高崎新田 たかさきしんでん
6%
福島県 門田 もんでん
6%
北海道 東屯田通 ひがしとんでんどおり
5%
No matching quizzes found
Score Distribution
Percent of People with Each Score
Percentile by Number Answered
Your Score History
You have not taken this quiz